000 00340nam a22001217a 4500
008 180515b xxu||||| |||| 00| 0 eng d
041 _aeng
080 _a043.3
100 _a0
101 _aMBE-BA
245 _aEfekti i Implementimit te Menaxhimit te Mardhenies me Klient ne Industrine e Hotelit ne Prishtine
_cZeqiri, N
942 _2udc
_cBK
999 _c45796
_d45796